| 000 | 00356nam a2200157 i 4500 | ||
|---|---|---|---|
| 001 | bg | ||
| 245 | 0 | _aPhase Transtions in Surface Films. | |
| 260 |
_aNew York : _bPlenum Press, _c1980. |
||
| 020 | _a030640348 | ||
| 040 | _cBPK | ||
| 041 | _apol | ||
| 080 | _a531 | ||
| 920 | _a0-306-40348 | ||
| 942 | _cKS | ||
| 008 | s pl f |000 0 pol | ||
| 999 |
_c19970 _d19970 |
||
| 856 |
_uhttp://koha.tu.koszalin.pl/cgi-bin/koha/opac-detail.pl?biblionumber=19970 _yKatalog online BPK |
||